Internal combustion engines (Record no. 24482)

000 -LEADER
fixed length control field 00576nam a22002051 4500
001 - CONTROL NUMBER
control field 24482
003 - CONTROL NUMBER IDENTIFIER
control field BD-DhUET
008 - FIXED-LENGTH DATA ELEMENTS--GENERAL INFORMATION
fixed length control field 681231s1968 paua b 001 0 eng
040 ## - CATALOGING SOURCE
Original cataloging agency DLC
Transcribing agency DLC
Modifying agency BD-DhUET
082 00 - DEWEY DECIMAL CLASSIFICATION NUMBER
Classification number 621.43
Item number OBE/1968
100 ## - MAIN ENTRY--PERSONAL NAME
Personal name Obert, Edward F.
245 10 - TITLE STATEMENT
Title Internal combustion engines
250 ## - EDITION STATEMENT
Edition statement 3rd ed.
260 ## - PUBLICATION, DISTRIBUTION, ETC. (IMPRINT)
Place of publication, distribution, etc. Scranton
Name of publisher, distributor, etc. International Textbook
Date of publication, distribution, etc. 1968
300 ## - PHYSICAL DESCRIPTION
Extent xiii, 736p.
Other physical details illus
490 0# - SERIES STATEMENT
Series statement International textbooks in mechanical engineering
504 ## - BIBLIOGRAPHY, ETC. NOTE
Bibliography, etc Includes bibliographies
650 #0 - SUBJECT ADDED ENTRY--TOPICAL TERM
Topical term or geographic name as entry element Internal combustion engines
942 ## - ADDED ENTRY ELEMENTS (KOHA)
Koha item type General Book
Holdings
Location (home branch) Price effective from Koha date last seen Piece designation (barcode) Koha item type Shelving location Lost status Koha full call number Source of classification or shelving scheme Sublocation or collection (holding branch) Withdrawn status Copy number Date acquired Damaged status Koha normalized classification for sorting Not for loan Koha date last borrowed Koha issues (times borrowed)
Central Library, BUET2015-05-092019-11-1819063General BookCirculation section 621.43/OBE/1968 Central Library, BUET 12015-05-09 621_430000000000000_OBE_1968 2019-09-282
Central Library, BUET2015-06-162015-06-1632007General BookReading section 621.43/OBE/1968 Central Library, BUET 22015-06-16 621_430000000000000_OBE_1968   
Central Library, BUET2015-06-162015-06-1640437Reading ItemReading section 621.43/OBE/1968 Central Library, BUET 32015-06-16 621_430000000000000_OBE_1968   
Central Library, BUET2015-06-232015-06-2319060Reading ItemReading section 621.43/OBE/1968 Central Library, BUET 42015-06-23 621_430000000000000_OBE_1968   
Central Library, BUET2015-07-032015-07-0332117Reading ItemReading section 621.43/OBE/1968 Central Library, BUET 52015-07-03 621_430000000000000_OBE_1968